O que sao comunidades alternativas /
Na minha lista:
| Autor principal: | |
|---|---|
| Formato: | Desconhecido |
| Idioma: | Portuguese |
| Publicado em: |
Sao Paulo :
Nova Cultural : Brasiliense,
1985.
|
| coleção: | (Colecao Primeiros Passos ;
58) |
| Assuntos: | |
| Tags: |
Adicionar Tag
Sem tags, seja o primeiro a adicionar uma tag!
|
MARC
| LEADER | 000000000a22000000004500 | ||
|---|---|---|---|
| 001 | 004320 | ||
| 041 | 0 | |a por | |
| 082 | 0 | 4 | |a 306 |b T231o |
| 100 | 1 | |a Tavares, Carlos A. P., |d 1956- | |
| 245 | 1 | 2 | |a O que sao comunidades alternativas / |c Carlos A. P. Tavares. |
| 260 | 1 | |a Sao Paulo : |b Nova Cultural : Brasiliense, |c 1985. | |
| 300 | |a 101 páginas : |b ilustraciones | ||
| 490 | 1 | |a (Colecao Primeiros Passos ; |v 58) | |
| 500 | |a Colección George Yúdice | ||
| 650 | 4 | |a ESTILOS DE VIDA | |
| 650 | 4 | |a BRASIL | |
| 650 | 4 | |a VIDA EN COMUN | |
| 650 | 4 | |a MOVIMIENTO DE LA NUEVA ERA | |
| 650 | 4 | |a BRASIL | |
| 999 | |c 10539 |d 10539 | ||
| 942 | |c BK |h 306 T231o |2 z | ||
